Presbyterians and the baptism of the Holy Spirit. (Record no. 14272)

000 -LEADER
fixed length control field 00983nam a2200325 a 4500
001 - CONTROL NUMBER
control field :::00012101$&:&@@
003 - CONTROL NUMBER IDENTIFIER
control field OkBaRHE
005 - DATE AND TIME OF LATEST TRANSACTION
control field 20000607103416.0
008 - FIXED-LENGTH DATA ELEMENTS--GENERAL INFORMATION
fixed length control field s1963 j 000 0 eng u
040 ## - CATALOGING SOURCE
Transcribing agency
100 1# - MAIN ENTRY--PERSONAL NAME
Personal name Jensen, Jerry,
245 10 - TITLE STATEMENT
Title Presbyterians and the baptism of the Holy Spirit.
260 ## - PUBLICATION, DISTRIBUTION, ETC. (IMPRINT)
Place of publication, distribution, etc Los Angeles, CA., :
Name of publisher, distributor, etc Full Gospel Business Men's Fellowship International
Date of publication, distribution, etc 1963
300 ## - PHYSICAL DESCRIPTION
Extent 32 p. ;
Dimensions 20 cm.
650 ## - SUBJECT ADDED ENTRY--TOPICAL TERM
Topical term or geographic name as entry element Holy Spirit Baptism
650 ## - SUBJECT ADDED ENTRY--TOPICAL TERM
Topical term or geographic name as entry element Presbyterians
General subdivision Biography
700 ## - ADDED ENTRY--PERSONAL NAME
Personal name Brown, James H.
700 ## - ADDED ENTRY--PERSONAL NAME
Personal name Brown, Jamie.
700 ## - ADDED ENTRY--PERSONAL NAME
Personal name Brown, Marianne.
700 ## - ADDED ENTRY--PERSONAL NAME
Personal name Durand, Robert.
700 ## - ADDED ENTRY--PERSONAL NAME
Personal name Evans, Leonard H.
700 ## - ADDED ENTRY--PERSONAL NAME
Personal name Gamble, Ivan S.
700 ## - ADDED ENTRY--PERSONAL NAME
Personal name Groff, Kent I.
700 ## - ADDED ENTRY--PERSONAL NAME
Personal name Kazbeck, Betty.
700 ## - ADDED ENTRY--PERSONAL NAME
Personal name Morris, Paul.
700 ## - ADDED ENTRY--PERSONAL NAME
Personal name Park, Lynn.
700 ## - ADDED ENTRY--PERSONAL NAME
Personal name Turnbull, Frank.
942 ## - ADDED ENTRY ELEMENTS (KOHA)
Source of classification or shelving scheme
Koha item type Books
Copies
Withdrawn status Koha item type Barcode Price effective from Source of classification or shelving scheme Shelving location Damaged status Date last seen Permanent Location Copy number Date acquired Full call number Lost status Not for loan
 Books121012010-04-14 General Stacks 2010-04-14RHEMA Bible Training College12010-04-14BX 9220 .F82